[Event "Cali Region-ch U14 Girls"]
[Site "Cali"]
[Date "2013.04.06"]
[Round "4.5"]
[White "Melenge Astaiza, Xiomara Estefania"]
[Black "Viveros, Clara Vanessa"]
[Result "0-1"]
[WhiteElo "1400"]
[BlackElo "1296"]
[PlyCount "112"]
[EventDate "2013.04.04"]
[EventType "swiss"]
[EventRounds "6"]
[EventCountry "COL"]
[SourceTitle "EXT 2024"]
[Source "ChessBase"]
[SourceDate "2023.10.10"]
[SourceVersion "1"]
[SourceVersionDate "2023.10.10"]
[SourceQuality "1"]

1. e4 e5 2. Bc4 Nf6 3. d3 Nc6 4. Nf3 Bc5 5. 0-0 0-0 6. Nc3 d6 7. Bg5 h6 8. Bh4 Bg4 9. h3 Bh5 10. Nd5 Bxf3 11. Qxf3 Nd4 12. Qd1 g5 13. Bg3 Nxd5 14. exd5 Qf6 15. Qh5 Nxc2 16. Rad1 Nd4 17. Rfe1 Rfe8 18. Re4 Qg6 19. Rh4 Qxh5 20. Rxh5 Kf8 21. Re1 Ke7 22. Rxh6 Kd7 23. Re4 Rad8 24. a3 Kc8 25. b4 Bb6 26. a4 a6 27. b5 axb5 28. axb5 Nf5 29. Rf6 Nxg3 30. Rg4 Ne2+ 31. Kh2 Rf8 32. Bb3 Bd4 33. Re4 Nc3 34. Re1 e4 35. dxe4 Bxf6 36. Ra1 Be5+ 37. Kg1 Ne2+ 38. Kf1 Bxa1 39. Kxe2 f5 40. f3 fxe4 41. fxe4 Rf4 42. Ke3 Rf1 43. g4 Re1+ 44. Kd3 Rb1 45. Bc4 Rd1+ 46. Ke3 Rf8 47. Ke2 Rc1 48. Kd2 Rxc4 49. Kd3 Rc1 50. Ke3 Rf4 51. Kd2 Rc5 52. Ke2 Rxb5 53. Kd2 Rb3 54. Ke2 Rxh3 55. Kd2 Rf2+ 56. Kc1 Rh1# 0-1

[Event "Cali Region-ch U14 Girls"]
[Site "Cali"]
[Date "2013.04.06"]
[Round "3.4"]
[White "Villamil Tusarma, Jennifer Andre"]
[Black "Melenge Astaiza, Xiomara Estefania"]
[Result "1-0"]
[WhiteElo "1400"]
[BlackElo "1400"]
[PlyCount "99"]
[EventDate "2013.04.04"]
[EventType "swiss"]
[EventRounds "6"]
[EventCountry "COL"]
[SourceTitle "EXT 2024"]
[Source "ChessBase"]
[SourceDate "2023.10.10"]
[SourceVersion "1"]
[SourceVersionDate "2023.10.10"]
[SourceQuality "1"]

1. e4 e5 2. Nf3 Bc5 3. Nc3 Nf6 4. Bc4 0-0 5. d3 Nc6 6. 0-0 d6 7. Bd2 Qd7 8. h3 Qe8 9. Nh4 Be6 10. Qf3 Nd4 11. Qg3 a6 12. Bh6 Nh5 13. Qg5 f6 14. Bxe6+ Nxe6 15. Qd2 b5 16. Be3 h6 17. Bxc5 dxc5 18. Nd5 Rd8 19. Rfe1 c6 20. Nc3 b4 21. Na4 c4 22. Nb6 a5 23. Nxc4 c5 24. Nxa5 Rd7 25. c3 g5 26. Nf5 Nhf4 27. Nxh6+ Kg7 28. Nf5+ Kh7 29. Qe3 Rxd3 30. Qxc5 Rd7 31. Red1 Ne2+ 32. Kf1 N6f4 33. Nd6 Qh5 34. g4 Qxh3+ 35. Ke1 Qh1+ 36. Kd2 Qf3 37. Kc2 Rfd8 38. Rh1+ Kg8 39. Ndb7 b3+ 40. Kxb3 Rb8 41. Qc4+ Kf8 42. Rh8+ Ke7 43. Rxb8 Rd4 44. Nc6+ Kd7 45. Rd8+ Kc7 46. Nxd4+ Kxb7 47. Nxf3 Kb6 48. Rb8+ Ka7 49. Qc7+ Ka6 50. Qb6# 1-0

[Event "Cali Region-ch U14 Girls"]
[Site "Cali"]
[Date "2013.04.05"]
[Round "1.1"]
[White "Rodriguez, Sofia"]
[Black "Melenge Astaiza, Xiomara Estefania"]
[Result "1-0"]
[WhiteElo "1822"]
[BlackElo "1400"]
[PlyCount "43"]
[EventDate "2013.04.04"]
[EventType "swiss"]
[EventRounds "6"]
[EventCountry "COL"]
[SourceTitle "EXT 2024"]
[Source "ChessBase"]
[SourceDate "2023.10.10"]
[SourceVersion "1"]
[SourceVersionDate "2023.10.10"]
[SourceQuality "1"]

1. e4 e5 2. Nf3 Bc5 3. Nxe5 Nf6 4. Nc3 0-0 5. d4 Bb4 6. Bd3 d6 7. Nf3 Nc6 8. h3 Be6 9. d5 Bd7 10. dxc6 Bxc6 11. 0-0 a6 12. Bg5 h6 13. Bh4 Bc5 14. Re1 Qd7 15. Bxf6 gxf6 16. Qd2 Rfe8 17. Qxh6 Re6 18. Bc4 Re7 19. Qg6+ Kf8 20. Qh6+ Kg8 21. Qxf6 Kf8 22. Qh8# 1-0